Central Library OPAC University of Rajshahi

Elementary theory of analytic functions of one or several complex variables / (Record no. 6461)

MARC details
000 -LEADER
fixed length control field 01274cam a2200289 a 4500
001 - CONTROL NUMBER
control field 6461
003 - CONTROL NUMBER IDENTIFIER
rucl marc code BD-RjUL
005 - DATE AND TIME OF LATEST TRANSACTION
control field 20211208234240.0
008 - FIXED-LENGTH DATA ELEMENTS--GENERAL INFORMATION
fixed length control field 14 r19731963fr a 001 0 eng d
020 ## - INTERNATIONAL STANDARD BOOK NUMBER
International Standard Book Number 0201009005
035 ## - SYSTEM CONTROL NUMBER
System control number (BD-RjUL)6502
040 ## - CATALOGING SOURCE
Original cataloging agency BD-RjUL
Language of cataloging eng
Transcribing agency BD-RjUL
Modifying agency BD-RjUL
041 1# - LANGUAGE CODE
Language code of text/sound track or separate title eng
Language code of original fre
082 04 - DEWEY DECIMAL CLASSIFICATION NUMBER
Edition number 16
Classification number 515.9
Author mark and year CAE 1973
100 1# - MAIN ENTRY--PERSONAL NAME
Personal name Cartan, Henri,
Dates associated with a name 1904-2008.
9 (RLIN) 20338
245 10 - TITLE STATEMENT
Title Elementary theory of analytic functions of one or several complex variables /
Statement of responsibility, etc. Henri Cartan.
260 ## - PUBLICATION, DISTRIBUTION, ETC. (IMPRINT)
Place of publication, distribution, etc. Paris ;
Name of publisher, distributor, etc. Hermann ;
Place of publication, distribution, etc. London :
Name of publisher, distributor, etc. Addison-Wesley,
Date of publication, distribution, etc. 1963 [printing 1973].
300 ## - PHYSICAL DESCRIPTION
Pagination 227 p. :
Illustrations ill. ;
Size 23 cm.
490 1# - SERIES STATEMENT
Series statement Addison-Wesley international series in mathematics
Series statement Collection Enseignement des sciences Hermann
500 ## - GENERAL NOTE
General note "The substance, with some additions, of a course of lectures given at the Faculty of Science in Paris for the requirements of the licence d'enseignement during the academic sessions 1957-1958, 1958-1959 and 1959-1960." - preface.
504 ## - BIBLIOGRAPHY, ETC. NOTE
Bibliography, etc Includes index.
650 #0 - SUBJECT ADDED ENTRY--TOPICAL TERM
Topical term or geographic name as entry element Analytic functions.
9 (RLIN) 20339
830 #0 - SERIES ADDED ENTRY--UNIFORM TITLE
Uniform title Addison-Wesley international series in mathematics
942 ## - ADDED ENTRY ELEMENTS (KOHA)
Source of classification or shelving scheme Dewey Decimal Classification
Koha item type Books
Holdings
Lost status Source of classification or shelving scheme Damaged status Not for loan Collection code Permanent Location Current Location Shelving location Date acquired Source of acquisition Cost, normal purchase price Total Checkouts Full call number Date last seen Copy number Koha item type
  Dewey Decimal Classification     Non-fiction Central Library, University of Rajshahi Central Library, University of Rajshahi   03/03/1980 Heffer 16.55   515.9 CAE 1973 11/01/2014 C-4 Books
  Dewey Decimal Classification     Non-fiction Central Library, University of Rajshahi Central Library, University of Rajshahi   03/03/1980 Heffer 16.55   515.9 CAE 1973 11/01/2014 C-3 Books
  Dewey Decimal Classification     Non-fiction Central Library, University of Rajshahi Central Library, University of Rajshahi   03/03/1980 Heffer 16.55   515.9 CAE 1973 30/08/2016 C-5 Books
  Dewey Decimal Classification     Non-fiction Central Library, University of Rajshahi Central Library, University of Rajshahi   30/08/2016 Swits & Zillinger 86.00   515.9 CAE 1963 30/08/2016 C-6 Books
  Dewey Decimal Classification     Non-fiction Central Library, University of Rajshahi Central Library, University of Rajshahi   30/08/2016 Swits & Zillinger 86.00   515.9 CAE 1963 30/08/2016 C-7 Books